Jupiler Pro League Teams 2023-2024 - Statistics

General Stats
  • This quiz has been taken 318 times
  • The average score is 13 of 16
Answer Stats
Answer % Correct
Club Brugge
97%
RSC Anderlecht
97%
KRC Genk
94%
Cercle Brugge
93%
KAA Gent
93%
Royal Antwerp FC
92%
Royal Union Saint-Gilloise
89%
Standard Luik
89%
Sporting Charleroi
87%
KV Mechelen
79%
Sint-Truiden VV
75%
KVC Westerlo
73%
RWD Molenbeek
73%
KAS Eupen
71%
Oud-Heverlee Leuven
71%
KV Kortrijk
68%
No matching quizzes found
Score Distribution
Percent of People with Each Score
Percentile by Number Answered
Your Score History
You have not taken this quiz